000 01372nam a2200301 i 4500
003 EG-GICUC
005 20260121101537.0
008 251224s1977 ua ||||fr|||| 00| 0 ara d
017 _a19771783
040 _a EG-GICUC
_bara
_c EG-GICUC
_d EG-GICUC
_erda
041 0 _aara
082 0 4 _221
_a345.431
_bح م . ن
092 0 4 _221
099 _aLaw1 07 345.431 ح م . ن 1977
100 0 _aحماد محمد شطا
_eمؤلف.
245 1 2 _aالنظام القانوني للأجور والمرتبات في الوظيفة العامة :
_bالنظرية العامة - دراسة مقارنة بين النظامين الرأسمالي والإشتراكي /
_cحماد محمد شطا.
264 1 _a[مكان النشر غير محدد] :
_b[اسم الناشر غير محدد],
_c1977
300 _a417 ؛ صفحة
_c24 سم.
336 _2rda content
_atext
337 _2rda media
_aComputer
338 _2rda carrier
_aOnline Resource
504 _aيحتوي على ارجاعات ببليوجرافية
546 _aالنص أغلبه باللغة العربية بعض النصوص الإنجليزية والفرنسية
650 1 4 _aالمرتبات والمكافات والاجور والحوافز
_xالقانون الإداري
856 4 0 _uhttps://fll.law.cu.edu.eg/fulltext/bks/B07-01453.pdf
905 _a75
942 _2ddc
_cBK
_e21
_n0
999 _c52444
_d52444